000 01029nam a2200229Ia 4500
001 791.430 9-SEG ci (10235)
003 IT-MiSPE
008 171229s9999||||xx |||||||||||||| ||und||
040 _aIT-MiSPE
_cIT-MiSPE
041 _aITALIANO
100 _aAA.VV.
245 0 _aSegnalazioni cinematografiche
_b70. Anno 1971
250 _a1a ed. (v)
260 _aRoma
_bCentro Cattolico Cinematografico
_c(st.) 1971
300 _a224 p. [121 v.]
_c16 cm
490 _v 70°
501 _aEdizioni San Paolo srl - Piazza Soncino, 5 - 20092 CINISELLO BALSAMO (MI) (non commercial uses only) ® Copyright 2018
520 _aCentro Cattolico Cinematografico
942 _cBK
957 _71
999 _a20446
_bNO
_g Copie: 1
_c352296
_d352296